| 000 | 00752nam a22002177a 4500 | ||
|---|---|---|---|
| 999 |
_c14376 _d14376 |
||
| 003 | AR-CdUCM | ||
| 008 | 190423b ||||| |||| 00| 0 spa d | ||
| 020 | _a978-607-618-232-1 | ||
| 040 |
_aMUNICIPALIDAD PROVINCIAL DEL CUSCO _cBIBLIOTECA MUNICIPAL DEL CUSCO |
||
| 041 | _hspa | ||
| 082 |
_aES / 030 _bS54 |
||
| 110 |
_aSilver Dolphin. _951856 |
||
| 245 | _aEl extraordinario catalogo y registro histórico de los inventos y descubrimientos / | ||
| 260 |
_aMéxico : _bSilver Dolphin, _c2014. |
||
| 300 | _c27 cm. | ||
| 505 | _aContenido :El extraordinario catalogo y registro histórico de los inventos y descubrimientos . | ||
| 650 |
_aDescubrimientos _9257 |
||
| 650 |
_aInventos _921995 |
||
| 942 |
_2ddc _cLIBROS |
||
| 945 |
_arum _d2019-04-23 |
||